LEADER 01098nmm a22003135u 4500 001 991001285749707536 007 cr nn 008mamaa 008 100301s2009 us j eng d 020 $a9781441901620 035 $ab13990445-39ule_inst 040 $aDip.to Matematica$beng 100 1 $aGut, Allan$059421 245 13$aAn intermediate course in probability$h[e-book] /$cby Allan Gut 260 $aNew York, NY :$bSpringer,$c2009 300 $bv.: digital 440 0$aSpringer texts in statistics,$x1431-875X 650 0$aComputer science 650 0$aBioinformatics 650 0$aBiology$xMathematics 650 0$aDistribution (Probability theory) 650 0$aMathematical statistics 650 0$aEnvironmental sciences 773 0 $aSpringer eBooks 856 40$uhttp://dx.doi.org/10.1007/978-1-4419-0162-0$zAn electronic book accessible through the World Wide Web 907 $a.b13990445$b03-03-22$c28-06-11 912 $a991001285749707536 996 $aIntermediate course in probability$9247401 997 $aUNISALENTO 998 $ale013$b28-06-11$cm$d@ $e-$feng$gus $h3$i0 LEADER 02870nam 2200625 450 001 9910787161903321 005 20210615004112.0 010 $a1-4985-0554-6 010 $a0-7391-8366-4 035 $a(CKB)3710000000251682 035 $a(EBL)1810387 035 $a(SSID)ssj0001347591 035 $a(PQKBManifestationID)12586703 035 $a(PQKBTitleCode)TC0001347591 035 $a(PQKBWorkID)11361927 035 $a(PQKB)10048733 035 $a(MiAaPQ)EBC1810387 035 $a(Au-PeEL)EBL1810387 035 $a(CaPaEBR)ebr10987886 035 $a(CaONFJC)MIL650832 035 $a(OCoLC)892430222 035 $a(EXLCZ)993710000000251682 100 $a20140728h20142014 uy| 0 101 0 $aeng 135 $aur|n|---||||| 181 $ctxt 182 $cc 183 $acr 200 10$aHair, headwear, and Orthodox Jewish women $eKallah's choice /$fAmy K. Milligan 210 1$aLanham ;$aBoulder ;$aNew York ;$aLondon :$cLexington Books, an imprint of The Rowman & Littlefield Publishing Group, Inc.,$d[2014] 210 4$dİ2014 215 $a1 online resource (167 p.) 300 $aDescription based upon print version of record. 311 $a1-322-19552-8 311 $a0-7391-8365-6 320 $aIncludes bibliographical references and index. 327 $aA hairy subject: approaches to hair and hair covering -- Covering Jewish women: the congregational context -- Splitting hairs: the struggle for community definition in a small town Orthodox synagogue -- Wearing many hats: the hair covering practices of the Orthodox Jewish women at Degel Israel Synagogue -- Letting their hair down: Orthodox women at Degel Israel Synagogue who choose not to cover their hair -- Flipping their wigs for Judaism: non-Orthodox women who choose to cover their heads -- The long and short of it: a psychoreligious interpretation of hair covering. 330 $aIn this study, Milligan uses an interdisciplinary ethnographic approach to consider the lived religious cultural experiences of Orthodox Jewish women living in a small community. Through an investigation of hair and head covering, Milligan explores the meaning of tradition in a contemporary context. 606 $aHair$xReligious aspects$xJudaism 606 $aJewish women$xReligious life 606 $aJewish women$xConduct of life 606 $aModesty$xReligious aspects$xJudaism 615 0$aHair$xReligious aspects$xJudaism. 615 0$aJewish women$xReligious life. 615 0$aJewish women$xConduct of life. 615 0$aModesty$xReligious aspects$xJudaism. 676 $a391.5088/296832 700 $aMilligan$b Amy K.$f1982-$01478130 801 0$bMiAaPQ 801 1$bMiAaPQ 801 2$bMiAaPQ 906 $aBOOK 912 $a9910787161903321 996 $aHair, headwear, and Orthodox Jewish women$93693732 997 $aUNINA